Comentarios políticos a Tácito / (Record n. 32620)

Dettagli MARC
000 -LEADER
fixed length control field 01144nam a2200289 i 4500
003 - CONTROL NUMBER IDENTIFIER
control field IT-RoINE
005 - DATE AND TIME OF LATEST TRANSACTION
control field 20191104061819.0
008 - FIXED-LENGTH DATA ELEMENTS--GENERAL INFORMATION
fixed length control field 050608s2004 sp | r o||1 ||spa d
020 ## - INTERNATIONAL STANDARD BOOK NUMBER
International Standard Book Number 8425912768
040 ## - CATALOGING SOURCE
Original cataloging agency SpMaBN
Language of cataloging spa
Transcribing agency SpMaBN IT-RoINE
Description conventions rdc
Modifying agency IT-RoINE
041 ## - LANGUAGE CODE
Language code of text/sound track or separate title spa
-- lat
Language code of original and/or intermediate translations of text lat
100 1# - MAIN ENTRY--PERSONAL NAME
9 (RLIN) 64008
Personal name Lancina, Juan Alfonso de,
Dates associated with a name ca. 1649-1703
245 10 - TITLE STATEMENT
Title Comentarios políticos a Tácito /
Statement of responsibility, etc Juan Alfonso de Lancina ; edición y estudio preliminar de José Luis Bermejo Cabrero.
260 ## - PUBLICATION, DISTRIBUTION, ETC. (IMPRINT)
Place of publication, distribution, etc Madrid :
Name of publisher, distributor, etc Centro de Estudios Políticos y Constitucionales,
Date of publication, distribution, etc 2004.
300 ## - PHYSICAL DESCRIPTION
Extent LXVII, 504 p. ;
Dimensions 23 cm.
336 ## - CONTENT TYPE
Source rdacontent
Content type term text
337 ## - MEDIA TYPE
Source rdamedia
Media type term unmediated
338 ## - CARRIER TYPE
Source rdacarrier
Carrier type term volume
490 1# - SERIES STATEMENT
Series statement Clásicos del pensamiento político y constitucional español
500 ## - GENERAL NOTE
General note Incluye índice.
546 ## - LANGUAGE NOTE
Language note Textos en latín y español.
600 14 - SUBJECT ADDED ENTRY--PERSONAL NAME
Personal name Tácito, Cayo Cornelio,
Dates associated with a name ca. 55-ca. 120.
Title of a work Annales
9 (RLIN) 64009
650 #4 - SUBJECT ADDED ENTRY--TOPICAL TERM
Topical term or geographic name as entry element Ciencia política
General subdivision Filosofía
9 (RLIN) 15589
700 1# - ADDED ENTRY--PERSONAL NAME
Personal name Bermejo Cabrero, José Luis
9 (RLIN) 36958
830 #0 - SERIES ADDED ENTRY--UNIFORM TITLE
9 (RLIN) 12552
Uniform title Clásicos del pensamiento político y constitucional español
942 ## - ADDED ENTRY ELEMENTS (KOHA)
Item type Monografías
Dati di copia
Withdrawn status Lost status Damaged status Not for loan Home library Current library Date acquired Total Checkouts Full call number Barcode Date last seen Price effective from Koha item type
        Iglesia Nacional Española en Roma Iglesia Nacional Española en Roma 04/11/2019   FIL 927 59674 04/11/2019 04/11/2019 Monografías